Estadísticas para Países del Mundo - 3 Minutos de Sprint

Haz click aquí para tomar la prueba!

Estadísticas generales

  • Esta prueba ha sido tomada 271 veces
    (250 desde el último reinicio)
  • La puntuación promedio es 75 de 196

Estadísticas de respuestas

Answer % Correcto
España
92%
Rusia
82%
Canadá
82%
Alemania
82%
Francia
79%
Portugal
74%
México
72%
China
72%
Japón
69%
Italia
69%
Suecia
69%
Brasil
67%
Irlanda
67%
Estonia
67%
Colombia
67%
Estados Unidos
67%
Chile
67%
Perú
64%
Argentina
64%
Noruega
64%
Reino Unido
64%
Bélgica
62%
Andorra
62%
Uruguay
62%
Finlandia
62%
Bosnia y Herzegovina
62%
Grecia
62%
Lituania
62%
Dinamarca
62%
Australia
62%
India
59%
Venezuela
59%
Letonia
59%
Austria
59%
Albania
56%
Suiza
56%
Ecuador
56%
Polonia
54%
Cuba
54%
Paraguay
54%
Islandia
54%
Argelia
51%
Bolivia
51%
Ucrania
51%
Croacia
51%
Montenegro
51%
Irán
49%
Chad
49%
Níger
49%
Turquía
49%
Rumania
49%
Honduras
49%
Irak
49%
Bulgaria
46%
Panamá
46%
Kosovo
46%
República de Macedonia
46%
Libia
46%
Malta
46%
Egipto
46%
Eslovaquia
46%
Serbia
46%
Eslovenia
46%
Sudáfrica
46%
Haití
44%
Tonga
44%
Ciudad del Vaticano
44%
Mónaco
44%
Siria
44%
Marruecos
44%
Bielorrusia
44%
Túnez
44%
República del Congo
41%
Guatemala
41%
Costa Rica
41%
República Democrática del Congo
41%
Indonesia
41%
Filipinas
41%
Israel
41%
Chipre
41%
Guyana
41%
Afganistán
38%
Belice
38%
Samoa
38%
Moldavia
38%
Surinam
38%
Países Bajos
38%
Nigeria
38%
San Marino
38%
Corea del Sur
38%
Líbano
38%
Guinea
36%
Nauru
36%
Omán
36%
Nepal
36%
Palaos
36%
Togo
36%
Pakistán
36%
Hungría
36%
El Salvador
36%
Taiwán
36%
Laos
36%
Kenia
36%
Luxemburgo
36%
Sudán
33%
Etiopía
33%
República Checa
33%
Fiyi
33%
Brunéi
33%
Angola
33%
Yemen
33%
Vietnam
33%
Jamaica
33%
Kazajistán
33%
Nicaragua
33%
Mongolia
33%
Nueva Zelanda
31%
Dominica
31%
Malí
31%
Burundi
31%
Jordania
31%
Lesoto
31%
Birmania
31%
Kuwait
31%
Tailandia
31%
Benín
31%
Mauricio
28%
Mozambique
28%
Namibia
28%
Baréin
28%
Kiribati
28%
Bután
28%
Catar
28%
Tanzania
28%
Gabón
28%
Malasia
26%
Singapur
26%
Corea del Norte
26%
Sri Lanka
26%
Madagascar
26%
Camerún
26%
Gambia
26%
Armenia
26%
Kirguistán
23%
Georgia
23%
Camboya
23%
Bangladés
23%
Trinidad y Tobago
23%
Uzbekistán
23%
Tuvalu
23%
Grenada
23%
República Dominicana
23%
Vanuatu
23%
Antigua y Barbuda
23%
Liberia
23%
Sudán del Sur
23%
Uganda
23%
Bahamas
23%
Ghana
21%
Somalia
21%
Ruanda
21%
Santa Lucía
21%
San Cristóbal y Nieves
21%
Maldivas
21%
Suazilandia
21%
Papúa Nueva Guinea
21%
Barbados
21%
Islas Salomón
21%
Liechtenstein
21%
Eritrea
21%
Guinea-Bissau
18%
Senegal
18%
Mauritania
18%
Botsuana
18%
San Vicente y las Granadinas
18%
Guinea Ecuatorial
18%
Emiratos Árabes Unidos
18%
Yibuti
18%
Arabia Saudita
18%
Zambia
15%
Timor Oriental
15%
Seychelles
15%
Malaui
15%
Estados Federados de Micronesia
15%
Santo Tomé y Príncipe
15%
Islas Marshall
15%
Comoras
15%
Azerbaiyán
15%
Sierra Leona
13%
Burkina Faso
13%
Zimbabue
13%
Cabo Verde
10%
Côte d'Ivoire
8%
Turkmenistán
8%
República Centroafricana
8%
Tajikistan
3%

Distribución de puntuación

Porcentaje por número respondido

Porcentaje de gente con cada puntuación

Historial de tus puntuaciones

No has tomado esta prueba desde el último reinicio